000 00229nam a22001097a 4500
082 _a894.812.3
_bJAY/S
100 _aJAYAKUMAR
245 _aSANTHAPAVRIKSHAM
246 _aSANTHAPAVRIKSHAM
650 _aMALAYALAM STORY
942 _cBK
999 _c9039
_d9039